000 00549nam a2200193Ia 4500
005 20250923145927.0
008 008 250917s9999 xx 000 0 eng d
037 _aReference
040 _aDSWL
_beng
_cDSWL
041 _aeng
_2eng
084 _aZ2,9534'N58, N95
_qDSWL
245 4 _aThe probation of offenders Act, 1958 (Unite short notes)
260 _aDelhi
_b Universal Book traders
_c1995
300 _a10p.
365 _aINR
_b10.00
925 _g10.00
942 _cREF
_hZ2,9534'N58, N95
999 _c1457453
_d1457453